<?xml version="1.0" encoding="UTF-8"?><?xml-stylesheet type="text/xsl" href="static/style.xsl"?><OAI-PMH xmlns="http://www.openarchives.org/OAI/2.0/" xmlns:xsi="http://www.w3.org/2001/XMLSchema-instance" xsi:schemaLocation="http://www.openarchives.org/OAI/2.0/ http://www.openarchives.org/OAI/2.0/OAI-PMH.xsd"><responseDate>2026-04-29T07:35:50Z</responseDate><request verb="GetRecord" identifier="oai:repisalud.isciii.es:20.500.12105/25820" metadataPrefix="marc">https://repisalud.isciii.es/rest/oai/request</request><GetRecord><record><header><identifier>oai:repisalud.isciii.es:20.500.12105/25820</identifier><datestamp>2025-12-18T12:58:18Z</datestamp><setSpec>com_20.500.12105_2203</setSpec><setSpec>com_20.500.12105_2202</setSpec><setSpec>col_20.500.12105_19585</setSpec></header><metadata><record xmlns="http://www.loc.gov/MARC21/slim" xmlns:dcterms="http://purl.org/dc/terms/" xmlns:doc="http://www.lyncode.com/xoai" xmlns:xsi="http://www.w3.org/2001/XMLSchema-instance" xsi:schemaLocation="http://www.loc.gov/MARC21/slim http://www.loc.gov/standards/marcxml/schema/MARC21slim.xsd">
   <leader>00925njm 22002777a 4500</leader>
   <datafield ind2=" " ind1=" " tag="042">
      <subfield code="a">dc</subfield>
   </datafield>
   <datafield ind2=" " ind1=" " tag="720">
      <subfield code="a">Instituto de Salud Carlos III. Gabinete de prensa</subfield>
      <subfield code="e">author</subfield>
   </datafield>
   <datafield ind2=" " ind1=" " tag="260">
      <subfield code="c">2024-11-27</subfield>
   </datafield>
   <datafield ind2=" " ind1=" " tag="520">
      <subfield code="a">El Centro de Investigación Biomédica en Red (CIBER), dependiente del Instituto de Salud Carlos III (ISCIII) , celebra esta semana en Valencia un congreso científico para conmemorar sus 10 años como Consorcio. El Consorcio CIBER-ISCIII es una estructura de investigación biomédica multidisciplinar, cooperativa y en red, que alberga a más de 6.000 investigadores e investigadoras de múltiples centros y grupos de investigación dependientes de distintas administraciones e instituciones públicas y privadas de toda España. Durante tres días, el congreso CIBER albergará 227 presentaciones orales de proyectos de investigación, 6 mesas redondas, 10 sesiones temáticas, 8 sesiones ‘flash talk’, talleres formativos y varias actividades de divulgación científica. Asisten a la cita más de 1.500 personas de la comunidad investigadora y sanitaria. Entre los temas que se van a tratar destacan salud global, inteligencia artificial y big data, desarrollo de fármacos, relación con el sector privado, medicina de precisión, diagnóstico precoz de enfermedades, terapias avanzadas, envejecimiento, resistencias antimicrobianas, participación ciudadana y de pacientes en investigación, y perspectiva de género en biomedicina, entre otras cuestiones.</subfield>
   </datafield>
   <datafield ind1="8" ind2=" " tag="024">
      <subfield code="a">Nota de prensa y noticia publicada el 27/11/2024.</subfield>
   </datafield>
   <datafield ind1="8" ind2=" " tag="024">
      <subfield code="a">https://hdl.handle.net/20.500.12105/25820</subfield>
   </datafield>
   <datafield tag="653" ind2=" " ind1=" ">
      <subfield code="a">Instituto de Salud Carlos III</subfield>
   </datafield>
   <datafield tag="653" ind2=" " ind1=" ">
      <subfield code="a">Aniversario</subfield>
   </datafield>
   <datafield tag="653" ind2=" " ind1=" ">
      <subfield code="a">Trabajo colaborativo</subfield>
   </datafield>
   <datafield tag="653" ind2=" " ind1=" ">
      <subfield code="a">Investigación biomédica</subfield>
   </datafield>
   <datafield tag="653" ind2=" " ind1=" ">
      <subfield code="a">Ciencia y salud</subfield>
   </datafield>
   <datafield tag="653" ind2=" " ind1=" ">
      <subfield code="a">Centro de Investigación Biomédica en Red (CIBER)</subfield>
   </datafield>
   <datafield tag="653" ind2=" " ind1=" ">
      <subfield code="a">Consorcio CIBER-ISCIII</subfield>
   </datafield>
   <datafield ind2="0" ind1="0" tag="245">
      <subfield code="a">El CIBER del ISCIII celebra 10 años de investigación biomédica: trabajo en red colaborativo y multidisciplinar para una historia de éxito de ciencia y salud</subfield>
   </datafield>
</record></metadata></record></GetRecord></OAI-PMH>